| 000 | 00737nam a22002177a 4500 | ||
|---|---|---|---|
| 999 |
_c158425 _d158425 |
||
| 005 | 20181029105622.0 | ||
| 010 | _aENG-124391 | ||
| 020 |
_c2695.00 _a9789386515599 |
||
| 035 | _aEN-107923 | ||
| 037 | _bDBAD/PUB | ||
| 082 | _a346.540436 | ||
| 100 | _aMulla, Sir Dinshaw Fadunji | ||
| 245 |
_aMulla the transfer of property act / _cby Sir Dinshaw Fadunji Mulla [and] Poonam Pradhan Saxena |
||
| 250 | _a13th ed. | ||
| 260 |
_aGurgaon _bLexis Nexis _c2018 |
||
| 270 |
_a14th floor,Building No-10, Tower-B,DLF Cyber City Phase-11 _bGurgaon _e122002 |
||
| 300 |
_acccliv,1188p. _c24cm(Hb) _bill. |
||
| 500 | _aIt includes subject index | ||
| 700 | _a Saxena, Poonam Pradhan | ||
| 942 |
_2ddc _cEN _mMUL _h346.540436 |
||